<?xml version="1.0" encoding="UTF-8"?>
<record
    xmlns:xsi="http://www.w3.org/2001/XMLSchema-instance"
    xsi:schemaLocation="http://www.loc.gov/MARC21/slim http://www.loc.gov/standards/marcxml/schema/MARC21slim.xsd"
    xmlns="http://www.loc.gov/MARC21/slim">

  <leader>00994nam0a22002531  4500</leader>
  <controlfield tag="001">rc\406741</controlfield>
  <controlfield tag="005">20260407101824.0</controlfield>
  <datafield tag="035" ind1=" " ind2=" ">
    <subfield code="a">(NLR Aleph) 005655088</subfield>
  </datafield>
  <datafield tag="090" ind1=" " ind2=" ">
    <subfield code="a">6813143</subfield>
    <subfield code="c">6813143</subfield>
  </datafield>
  <datafield tag="100" ind1=" " ind2=" ">
    <subfield code="a">20030616d1987    |||y0rusy50      ca</subfield>
  </datafield>
  <datafield tag="101" ind1="0" ind2=" ">
    <subfield code="a">rus</subfield>
  </datafield>
  <datafield tag="102" ind1=" " ind2=" ">
    <subfield code="a">RU</subfield>
  </datafield>
  <datafield tag="105" ind1=" " ind2=" ">
    <subfield code="a">a   |||||||||</subfield>
  </datafield>
  <datafield tag="200" ind1="1" ind2=" ">
    <subfield code="a">&#x410;&#x432;&#x442;&#x43E;&#x43C;&#x430;&#x442;&#x438;&#x437;&#x430;&#x446;&#x438;&#x44F; &#x438; &#x440;&#x435;&#x43B;&#x435;&#x439;&#x43D;&#x430;&#x44F; &#x437;&#x430;&#x449;&#x438;&#x442;&#x430; &#x432; &#x44D;&#x43D;&#x435;&#x440;&#x433;&#x43E;&#x441;&#x438;&#x441;&#x442;&#x435;&#x43C;&#x430;&#x445;</subfield>
    <subfield code="e">&#x421;&#x431;. &#x43D;&#x430;&#x443;&#x447;. &#x442;&#x440;.</subfield>
    <subfield code="f">&#x410;&#x41D; &#x423;&#x421;&#x421;&#x420;, &#x418;&#x43D;-&#x442; &#x44D;&#x43B;&#x435;&#x43A;&#x442;&#x440;&#x43E;&#x434;&#x438;&#x43D;&#x430;&#x43C;&#x438;&#x43A;&#x438;</subfield>
    <subfield code="g">[&#x420;&#x435;&#x434;&#x43A;&#x43E;&#x43B;.: &#x411;.&#x421;. &#x421;&#x442;&#x43E;&#x433;&#x43D;&#x438;&#x439; (&#x43E;&#x442;&#x432;. &#x440;&#x435;&#x434;.) &#x438; &#x434;&#x440;.]</subfield>
  </datafield>
  <datafield tag="210" ind1=" " ind2=" ">
    <subfield code="a">&#x41A;&#x438;&#x435;&#x432;</subfield>
    <subfield code="c">&#x41D;&#x430;&#x443;&#x43A;&#x43E;&#x432;&#x430; &#x434;&#x443;&#x43C;&#x43A;&#x430;</subfield>
    <subfield code="d">1987</subfield>
  </datafield>
  <datafield tag="215" ind1=" " ind2=" ">
    <subfield code="a">120, [1] &#x441;.</subfield>
    <subfield code="c">&#x438;&#x43B;.</subfield>
    <subfield code="d">21</subfield>
  </datafield>
  <datafield tag="320" ind1=" " ind2=" ">
    <subfield code="a">&#x411;&#x438;&#x431;&#x43B;&#x438;&#x43E;&#x433;&#x440;. &#x432; &#x43A;&#x43E;&#x43D;&#x446;&#x435; &#x441;&#x442;.</subfield>
  </datafield>
  <datafield tag="702" ind1=" " ind2="1">
    <subfield code="a">&#x421;&#x442;&#x43E;&#x433;&#x43D;&#x438;&#x439;</subfield>
    <subfield code="b">&#x411;.&#x421;.</subfield>
    <subfield code="g">&#x411;&#x43E;&#x440;&#x438;&#x441; &#x421;&#x435;&#x440;&#x433;&#x435;&#x435;&#x432;&#x438;&#x447;</subfield>
    <subfield code="4">340</subfield>
  </datafield>
  <datafield tag="712" ind1="0" ind2="2">
    <subfield code="a">&#x418;&#x43D;&#x441;&#x442;&#x438;&#x442;&#x443;&#x442; &#x44D;&#x43B;&#x435;&#x43A;&#x442;&#x440;&#x43E;&#x434;&#x438;&#x43D;&#x430;&#x43C;&#x438;&#x43A;&#x438;</subfield>
    <subfield code="c">&#x41A;&#x438;&#x435;&#x432;</subfield>
    <subfield code="3">RU\NLR\AUTH\889929386</subfield>
    <subfield code="9">354273</subfield>
  </datafield>
  <datafield tag="801" ind1=" " ind2="0">
    <subfield code="a">RU</subfield>
    <subfield code="b">NLR</subfield>
    <subfield code="g">psbo</subfield>
  </datafield>
  <datafield tag="801" ind1=" " ind2="1">
    <subfield code="a">RU</subfield>
    <subfield code="b">ELAR</subfield>
    <subfield code="2">rusmarc</subfield>
  </datafield>
  <datafield tag="852" ind1=" " ind2=" ">
    <subfield code="a">NLR</subfield>
    <subfield code="j">87-3/14197</subfield>
  </datafield>
  <datafield tag="942" ind1=" " ind2=" ">
    <subfield code="c">BOOK</subfield>
  </datafield>
  <datafield tag="980" ind1=" " ind2=" ">
    <subfield code="a">NB</subfield>
  </datafield>
  <datafield tag="995" ind1=" " ind2=" ">
    <subfield code="5">2013-10-26</subfield>
    <subfield code="b">NLR01</subfield>
    <subfield code="c">NLR01</subfield>
    <subfield code="e">RF9</subfield>
    <subfield code="f">5655088-10</subfield>
    <subfield code="k">87-3/14197</subfield>
    <subfield code="o">0</subfield>
    <subfield code="r">BOOK</subfield>
    <subfield code="s">87314197_</subfield>
  </datafield>
</record>
